000 00281nam a2200121Ia 4500
008 191201s2010 xx 000 0 und d
100 _aMALLIN,Christine A
245 0 _aCorporate Governance
260 _aN. delhi
_bOxford
_c2010
300 _a357
650 _aMBA
942 _2ddc
_cBK
999 _c4790
_d4790